| Tag |
First Indicator |
Second Indicator |
Subfields |
| LEADER |
00000cam a2200000 4500 |
| 001 |
in00000079452 |
| 005 |
20151008052848.0 |
| 008 |
770721s1961 dcu b 00000 eng |
| 010 |
|
|
|a 61008440
|
| 035 |
|
|
|a (OCoLC)03131757
|
| 035 |
|
|
|9 AAH5214AM
|
| 040 |
|
|
|a DLC
|c OCP
|d TXA
|d UtOrBLW
|
| 049 |
|
|
|a TXAM
|c [344143]
|
| 050 |
|
0 |
|a HG181
|b .C67
|
| 082 |
0 |
|
|a 332.7
|
| 092 |
|
|
|a 332.7
|b C772r
|
| 100 |
1 |
|
|a Cooke, Helen J.
|
| 245 |
1 |
4 |
|a The role of debt in the economy.
|
| 264 |
|
1 |
|a Washington :
|b Public Affairs Press,
|c [1961]
|
| 300 |
|
|
|a 115 pages ;
|c 24 cm.
|
| 336 |
|
|
|a text
|b txt
|2 rdacontent
|
| 337 |
|
|
|a unmediated
|b n
|2 rdamedia
|
| 338 |
|
|
|a volume
|b nc
|2 rdacarrier
|
| 504 |
|
|
|a Includes bibliography.
|
| 650 |
|
0 |
|a Debt
|z United States.
|
| 999 |
|
|
|a MARS
|
| 999 |
f |
f |
|s b48cabd6-b4c5-382c-aa7f-4d63f37f01ef
|i 54de42cf-5095-3baa-b37c-ea4d16f4960c
|t 0
|
| 952 |
f |
f |
|p ric
|a Texas A&M University
|b Rellis Campus
|c Joint Library Facility
|d Remote Storage
|t 0
|e HG181 .C67
|h Library of Congress classification
|i unmediated -- volume
|m A14800737777
|
| 998 |
f |
f |
|a HG181 .C67
|t 0
|l Remote Storage
|